Tilastot visalle Tunnista kieli maailmankartalla

Klikkaa tästä pelataksesi tätä visaa!

Yleistilastot

  • Tätä visaa on pelattu 893 kertaa
  • Keskiarvotulos 11 / 18

Vastaukset kartalla

Vastauksille on annettu kartalla punavihreä väri sen mukaan, kuinka moni on saanut sen oikein.
 

Vastaustilastot

Vastaus% Oikein
Eilen hän meni työpaikalleen rakentamaan punaista autoa.
93%
Yesterday, he went to his job to build a red car.
89%
Gestern ging er zu seiner Arbeit, um ein rotes Auto zu bauen.
72%
Ieri è andato al suo lavoro per costruire una macchina rossa.
71%
Í gær fór hann í vinnuna sína að smíða rauðan bíl.
70%
Hier, il est allé à son travail pour construire une voiture rouge.
68%
Al-bariha dhahaba 'iilaa wazifatih libina'i sayaaratin hamraa'a.
66%
Vchera on poshel na rabotu, chtoby postroit' krasnuyu mashinu.
65%
Wczoraj poszedł do swojej pracy, aby zbudować czerwony samochód.
65%
Ayer fue a su trabajo para construir un auto rojo.
62%
Kinō kare wa akai kuruma o tsukuru tame ni shigoto ni ikimashita.
61%
Dün kırmızı bir araba yapmak için işine gitti.
59%
Gisteren ging hij naar zijn werk om een rode auto te bouwen.
57%
Zuótiān tā qù shàngbān qù zào yī liàng hóngsè de qìchē.
54%
I nehinei ua hele ʻo ia i kāna hana e hana i kaʻa ʻulaʻula.
47%
Jana alienda kazini kwake kujenga gari jekundu.
41%
Eoje geuneun ppalgan chaleul mandeulgi wihae jigjang-e gassda.
37%
Kal voh laal rang ki gaadi banaane apne kaam par gaya tha.
36%

Tulosjakauma

Persentiili vastausten määrän mukaan

Jokaisen tuloksen saaneiden osuus

Tuloshistoriasi

Et ole pelannut tätä visaa